ბათუმის შოთა რუსთაველის სახელმწიფო უნივერსიტეტის ბიბლიოთეკა

Геометрия многообразии (ბიბ.ჩანაწერი № 48079)

000 -LEADER
fixed length control field 00555nam a2200205Ia 4500
001 - CONTROL NUMBER
control field 14959
003 - CONTROL NUMBER IDENTIFIER
control field GE_BSU
008 - FIXED-LENGTH DATA ELEMENTS--GENERAL INFORMATION
fixed length control field 181216s||||||||xx |||||||||||||| ||und||
040 ## - CATALOGING SOURCE
Transcribing agency GE_BSU
080 ## - UNIVERSAL DECIMAL CLASSIFICATION NUMBER
Universal Decimal Classification number 514
100 ## - MAIN ENTRY--PERSONAL NAME
Personal name Бишоп,Р.Л. Криттенден Р.Дж.
245 ## - TITLE STATEMENT
Title Геометрия многообразии
245 ## - TITLE STATEMENT
Statement of responsibility, etc. Пер. с англ. А.С. Дынина
260 ## - PUBLICATION, DISTRIBUTION, ETC.
Place of publication, distribution, etc. Москва
260 ## - PUBLICATION, DISTRIBUTION, ETC.
Name of publisher, distributor, etc. Мир
260 ## - PUBLICATION, DISTRIBUTION, ETC.
Date of publication, distribution, etc. 1967
300 ## - PHYSICAL DESCRIPTION
Extent 335стр.20см.
653 ## - INDEX TERM--UNCONTROLLED
Uncontrolled term Геометрия многообразии
942 ## - ADDED ENTRY ELEMENTS (KOHA)
Koha item type წიგნი
ეგზემპლარები
Withdrawn status Lost status Damaged status Not for loan Date acquired Barcode Date last seen Price effective from Koha item type
        2018-12-17 15497 2018-12-17 2018-12-17 წიგნი
        2018-12-17 17860 2018-12-17 2018-12-17 წიგნი